Nový spôsob hľadania zamestnancov – Design Thinking bakalárska práca

Enregistré dans:
Détails bibliographiques
Auteur principal: Švec, Juraj
Collectivité auteur: Národohospodárska fakulta EU. Katedra sociálneho rozvoja a práce
Autres auteurs: Klimko, Roman, 1985-
Format: Livre
Langue:slovaque
Publié: Bratislava 2021
Tags: Ajouter un tag
Pas de tags, Soyez le premier à ajouter un tag!

MARC

LEADER 00000nbm a2200000 4500
001 0275245
005 20220121101929.4
041 0 |a slo 
044 |a SK 
245 1 0 |a Nový spôsob hľadania zamestnancov – Design Thinking  |b bakalárska práca  |c Juraj Švec ; školiteľ: Roman Klimko 
264 1 |a Bratislava  |c 2021 
300 |a 48 s. 
100 1 |a Švec, Juraj 
700 1 |a Klimko, Roman, 1985- 
710 2 |a Národohospodárska fakulta EU. Katedra sociálneho rozvoja a práce